| 000 | 00334nam a22000977a 4500 | ||
|---|---|---|---|
| 008 | 170218b xxu||||| |||| 00| 0 eng d | ||
| 100 | _aStanley Gibbons, London Sale 5322 PR | ||
| 245 | _aJean De Sperati Reproduction 'Die' Proofs | ||
| 260 |
_aLondon _bStanley Gibbons Auctions Ltd |
||
| 650 | _aCounterfeits and Forgeries, | Essays and Proofs | ||
| 999 |
_c2270 _d2270 |
||